00426nam a22001457a 450000500170000000800410001702000280005804100130008608200130009910000130011224500560012526000440018130000300022565000250025520231208081504.0231208b |||||||| |||| 00| 0 eng d a0409017515 ; 0409016284 aEnglish  a349 BUT  lEnglish  aButterworths Forms and Precedents : bShipping Law  aDurban : bLexisNexis (Pty) Ltd, c2000 bix, 384 pages ; c26 cm.  aLegal practice bLaw